000 00337nam a22001217a 4500
082 _a220 PRO
100 _aSALMAN,ZOYA,FATIMA,DR UMAR IZHER
_972272
245 _aPR-SOF-1170-LANDMINES DETECTION SYSTEM
260 _aISLAMABAD
_bNUST COLLEGE OF EME
_c2012
650 _a DE-MTS-30
_972273
700 _aDR JAVAID IQBAL
_931386
942 _cCR
999 _c578378
_d578378